[Event "WYCC Open 10"]
[Site "?"]
[Date "2015.10.26"]
[Round "1.1"]
[White "Gelashvili, Giorgi"]
[Black "Sindarov, Javokhir"]
[Result "0-1"]
[WhiteElo "1543"]
[BlackElo "2299"]
[PlyCount "42"]
[EventDate "2015.??.??"]
[WhiteClock "0:49:21"]
[BlackClock "1:12:26"]

1. c4 e5 2. e3 Nf6 3. Nf3 Nc6 4. b3 e4 5. Nd4 Nxd4 6. exd4 c6 7. Nc3 d5 8. d3
Bb4 9. Bb2 Qa5 10. Qc2 O-O 11. a3 exd3 12. Qxd3 Re8+ 13. Be2 Bf5 14. Qxf5 Bxc3+
15. Kd1 Bxb2 16. Rb1 Bxd4 17. Qd3 dxc4 18. bxc4 Ne4 19. Rf1 Nc3+ 20. Kc2 Rxe2+
21. Kc1 Qxa3+ 0-1

[Event "WYCC Open 10"]
[Site "?"]
[Date "2015.10.26"]
[Round "1.2"]
[White "Tsvetkov, Andrey"]
[Black "Hung, Daniel"]
[Result "1-0"]
[WhiteElo "2174"]
[BlackElo "1538"]
[PlyCount "155"]
[EventDate "2015.??.??"]
[WhiteClock "0:32:21"]
[BlackClock "0:12:17"]

1. d4 d5 2. c4 dxc4 3. Nc3 Nf6 4. e3 Be6 5. Nf3 h6 6. Ne5 c6 7. Nxc4 Bxc4 8.
Bxc4 e6 9. O-O Be7 10. a4 O-O 11. e4 Qc7 12. Be3 Nbd7 13. Qf3 Rad8 14. Rfd1
Rfe8 15. Rac1 Qb8 16. Bf4 e5 17. Bg3 Bd6 18. d5 Nb6 19. Bb3 cxd5 20. a5 Nbd7
21. Nxd5 Nxd5 22. Rxd5 Nf6 23. Rd2 Bb4 24. Rxd8 Qxd8 25. Bxf7+ Kxf7 26. Qb3+
Re6 27. Qxb4 Qd7 28. h3 Kg6 29. Kh2 Kh7 30. Qb3 Re7 31. Rd1 Qc6 32. f3 Nh5 33.
Bf2 a6 34. Qd5 Qg6 35. g3 Nf6 36. Qc5 Qf7 37. Rd3 Qe8 38. b3 Qf7 39. b4 Qe8 40.
Qc4 Rd7 41. Rxd7 Qxd7 42. Qc5 Qe6 43. Kg2 Kg8 44. b5 axb5 45. Qxb5 Qe7 46. Bb6
Kh7 47. g4 Nd7 48. Bc7 Nc5 49. Qb6 Na6 50. Bd8 Qd7 51. Bh4 Nb8 52. Qd8 Qxd8 53.
Bxd8 Nc6 54. Bc7 g5 55. Kf2 Kg6 56. Ke3 Kf6 57. Bb6 Ke6 58. Kd3 Nb8 59. Kc4 Nd7
60. Bc5 Nf6 61. Kb5 Kd7 62. Bf8 Ne8 63. Bxh6 Nd6+ 64. Kb6 Nf7 65. Bg7 Kc8 66.
Bf6 Kb8 67. h4 gxh4 68. Bxh4 Nh8 69. Bg3 Ng6 70. Kc5 Ka7 71. Kd6 Ka6 72. Bxe5
Nxe5 73. Kxe5 Kxa5 74. g5 b5 75. g6 b4 76. g7 b3 77. g8=Q b2 78. Qb3 1-0

[Event "WYCC Open 10"]
[Site "?"]
[Date "2015.10.26"]
[Round "1.3"]
[White "Marschall, Tillmann"]
[Black "Can, Isik"]
[Result "0-1"]
[WhiteElo "1534"]
[BlackElo "2123"]
[PlyCount "98"]
[EventDate "2015.??.??"]
[WhiteClock "1:05:10"]
[BlackClock "0:39:26"]

1. e4 e5 2. Nf3 Nc6 3. Bb5 a6 4. Ba4 Nf6 5. O-O Be7 6. Re1 b5 7. Bb3 d6 8. c3
O-O 9. h3 Na5 10. Bc2 c5 11. d4 Qc7 12. d5 Nd7 13. b3 Nb6 14. Nbd2 f5 15. Nf1
f4 16. N1h2 Bd7 17. Bd2 Nb7 18. Qe2 c4 19. b4 a5 20. a3 Ra6 21. Qf1 h5 22. Kh1
g5 23. Ng1 Kg7 24. Qe2 Qc8 25. Reb1 g4 26. Qf1 Qe8 27. Bd1 Qg6 28. Qe1 Rfa8 29.
Bc2 Bf6 30. f3 gxh3 31. gxh3 Kh8 32. Qf1 Nxd5 33. Rc1 Ne3 34. Bxe3 fxe3 35. Ne2
axb4 36. cxb4 Rxa3 37. Rxa3 Rxa3 38. f4 Ra8 39. Qf3 Qh7 40. Qxe3 Bc6 41. f5 d5
42. exd5 Bxd5+ 43. Be4 Bg5 44. Qxg5 Bxe4+ 45. Nf3 Bxf3+ 46. Kh2 Bxe2 47. Rg1
Bg4 48. Rxg4 hxg4 49. Qf6+ Kg8 0-1

[Event "WYCC Open 10"]
[Site "?"]
[Date "2015.10.26"]
[Round "1.4"]
[White "Oglaza, Oskar"]
[Black "Trakru, Rohun"]
[Result "1/2-1/2"]
[WhiteElo "2118"]
[BlackElo "1517"]
[PlyCount "60"]
[EventDate "2015.??.??"]
[WhiteClock "0:03:44"]
[BlackClock "0:02:49"]

1. e4 e6 2. d4 d5 3. Nd2 Nf6 4. e5 Nfd7 5. Bd3 c5 6. c3 Nc6 7. Ne2 cxd4 8. cxd4
f6 9. exf6 Nxf6 10. Nf3 Bd6 11. O-O Qc7 12. Bg5 O-O 13. Rc1 Bd7 14. Ng3 Qb6 15.
Re1 Ng4 16. a3 Bxg3 17. hxg3 e5 18. Rxc6 Bxc6 19. Nxe5 Nxe5 20. Rxe5 Be8 21.
Qg4 Qxb2 22. Bf5 Bg6 23. Bxg6 Qxf2+ 24. Kh2 hxg6 25. Qd7 Rf7 26. Qxd5 Raf8 27.
Qc4 Qf1 28. Qe6 Kh7 29. Qh3+ Kg8 30. Qe6 Kh7 1/2-1/2

[Event "WYCC Open 10"]
[Site "?"]
[Date "2015.10.26"]
[Round "1.5"]
[White "Kienboeck, Benjamin"]
[Black "Dardha, Daniel"]
[Result "0-1"]
[WhiteElo "1516"]
[BlackElo "2106"]
[PlyCount "46"]
[EventDate "2015.??.??"]
[WhiteClock "1:02:13"]
[BlackClock "0:42:21"]

1. e4 c5 2. Nf3 Nc6 3. Nc3 Nf6 4. d4 cxd4 5. Nxd4 e5 6. Ndb5 d6 7. Bg5 a6 8.
Na3 b5 9. Nd5 Be7 10. Bxf6 Bxf6 11. c3 Bg5 12. Nc2 O-O 13. a4 bxa4 14. Rxa4 a5
15. Bc4 Be6 16. O-O Kh8 17. Kh1 Bh6 18. b4 f5 19. f3 fxe4 20. fxe4 Qh4 21.
Rxf8+ Rxf8 22. Bd3 Rf2 23. Qe1 Rxc2 0-1

[Event "WYCC Open 10"]
[Site "?"]
[Date "2015.10.26"]
[Round "1.6"]
[White "Praggnanandhaa, R."]
[Black "Luu, Robert"]
[Result "1-0"]
[WhiteElo "2077"]
[BlackElo "1514"]
[PlyCount "47"]
[EventDate "2015.??.??"]
[WhiteClock "1:12:40"]
[BlackClock "0:40:43"]

1. e4 d5 2. exd5 Qxd5 3. Nc3 Qd6 4. d4 Nf6 5. Nf3 g6 6. Nb5 Qb6 7. Na3 c6 8.
Nc4 Qc7 9. Nce5 Bg4 10. Bc4 e6 11. Bg5 Bxf3 12. Qxf3 Nd5 13. Bf6 Nxf6 14. Qxf6
Rg8 15. Bxe6 fxe6 16. Qxe6+ Qe7 17. Qxg8 Nd7 18. O-O Nf6 19. Qb3 O-O-O 20. Rfe1
Qc7 21. Qe6+ Nd7 22. Nf7 Bg7 23. Nxd8 Qxd8 24. Qf7 1-0

[Event "WYCC Open 10"]
[Site "?"]
[Date "2015.10.26"]
[Round "1.7"]
[White "Chasin, Nico Werner"]
[Black "Guo, Arthur"]
[Result "0-1"]
[WhiteElo "1513"]
[BlackElo "2073"]
[PlyCount "166"]
[EventDate "2015.??.??"]
[WhiteClock "0:02:40"]
[BlackClock "0:05:51"]

1. c4 Nf6 2. Nf3 e6 3. e3 d5 4. b3 c5 5. Bb2 Nc6 6. cxd5 exd5 7. Bb5 Bg4 8. h3
Bh5 9. g4 Bg6 10. Nc3 d4 11. Ne2 Bd6 12. exd4 O-O 13. O-O cxd4 14. Nfxd4 Nxd4
15. Bxd4 a6 16. Bc4 b5 17. Bxf6 Qxf6 18. Bd5 Qe5 19. f4 Qxd5 20. f5 Qd3 21.
fxg6 Qxh3 22. gxh7+ Kh8 23. Rf2 Qxg4+ 24. Rg2 Qh4 25. Rc1 Rad8 26. Qc2 Be5 27.
Qf5 Bf6 28. Rd1 Rxd2 29. Rxd2 Qe1+ 30. Kh2 Qxd2 31. Nf4 Qd6 32. Kh1 Qe5 33. Qg4
Qe1+ 34. Rg1 Qh4+ 35. Qxh4 Bxh4 36. Rd1 Kxh7 37. Ng2 Bg3 38. Rd3 Be5 39. Kg1 f5
40. Kf2 g5 41. Rd5 Bb8 42. Ne3 f4 43. Ng4 Kg6 44. a4 Kh5 45. Kf3 bxa4 46. bxa4
Rc8 47. Nf6+ Kh6 48. Ne4 Rc4 49. Nxg5 Rxa4 50. Ne4 Kg6 51. Rd8 Be5 52. Re8 Ra5
53. Rc8 Ra3+ 54. Kg4 f3 55. Rf8 Re3 56. Nd2 f2 57. Rxf2 Rg3+ 58. Kh4 Rg1 59.
Kh3 Rg3+ 60. Kh4 Rc3 61. Re2 Kf5 62. Rf2+ Bf4 63. Nf3 Rd3 64. Kh3 a5 65. Kg2 a4
66. Ra2 a3 67. Nd4+ Rxd4 68. Rxa3 Kg4 69. Ra2 Rd3 70. Kf1 Rh3 71. Rg2+ Kf3 72.
Rf2+ Ke4 73. Ke2 Ra3 74. Kf1 Be3 75. Rf8 Ra2 76. Re8+ Kf3 77. Rf8+ Bf4 78. Re8
Rb2 79. Re7 Rb8 80. Re6 Rg8 81. Rc6 Be5 82. Rb6 Bd4 83. Rb3+ Be3 0-1

[Event "WYCC Open 10"]
[Site "?"]
[Date "2015.10.26"]
[Round "1.8"]
[White "Chinguun, Sumiya"]
[Black "Susarla, Rishith"]
[Result "1-0"]
[WhiteElo "2067"]
[BlackElo "1505"]
[PlyCount "56"]
[EventDate "2015.??.??"]
[WhiteClock "1:01:59"]
[BlackClock "0:00:31"]

1. e4 e5 2. Nf3 Nc6 3. Bc4 Nf6 4. d3 Bc5 5. c3 d6 6. Bb3 a6 7. Nbd2 Ba7 8. Nf1
d5 9. Qe2 O-O 10. Ng3 h6 11. O-O d4 12. h3 Qd6 13. Nh4 Ne7 14. Qf3 a5 15. a4
Bd7 16. Bc4 Bc5 17. Kh1 c6 18. Nhf5 Nxf5 19. Nxf5 Bxf5 20. Qxf5 Nd7 21. f4 g6
22. Qg4 Kh7 23. f5 Nf6 24. Qh4 h5 25. Bg5 Ng8 26. g4 Nh6 27. f6 Qd7 28. gxh5
Qd8 1-0

[Event "WYCC Open 10"]
[Site "?"]
[Date "2015.10.26"]
[Round "1.9"]
[White "Sai, Pranav Siddamshetty"]
[Black "Wang, Justin"]
[Result "0-1"]
[WhiteElo "1503"]
[BlackElo "2046"]
[PlyCount "86"]
[EventDate "2015.??.??"]
[WhiteClock "0:37:26"]
[BlackClock "1:17:59"]

1. e4 c5 2. g3 Nc6 3. Bg2 g6 4. Ne2 Bg7 5. c3 d6 6. d4 cxd4 7. cxd4 Nf6 8. b3
O-O 9. O-O Bg4 10. Bb2 Ne8 11. f3 Bd7 12. Nd2 b5 13. f4 Qb6 14. Nf3 Nf6 15. e5
Ng4 16. Qd2 dxe5 17. h3 exd4 18. Bxd4 Nxd4 19. Nfxd4 Rad8 20. Rad1 Nh6 21. g4
Bc8 22. Qe3 Bxg4 23. hxg4 Nxg4 24. Qe4 Rd6 25. f5 Nh6 26. fxg6 hxg6 27. Qb7
Qxb7 28. Bxb7 Rfd8 29. Bc6 b4 30. Be4 Bxd4+ 31. Nxd4 Rxd4 32. Rde1 Kg7 33. Bb1
e6 34. Rc1 Rg4+ 35. Kf2 Rd2+ 36. Ke3 Rgg2 37. Kf3 Ng4 38. Rc4 Nh2+ 39. Ke3
Nxf1+ 40. Kf3 f5 41. Kf4 Kf6 42. Be4 e5+ 43. Kf3 Rg3# 0-1

[Event "WYCC Open 10"]
[Site "?"]
[Date "2015.10.26"]
[Round "1.10"]
[White "Wang, Jason"]
[Black "Manthan, Kashyap Datta"]
[Result "1-0"]
[BlackElo "1494"]
[WhiteElo "2040"]
[LiveChessVersion "1.4.6"]

1. d4 {[%clk 1:30:52]} Nf6 {[%clk 1:30:54]} 2. c4 {[%clk 1:31:06]} g6
{[%clk 1:31:20]} 3. Nc3 {[%clk 1:31:04]} d5 {[%clk 1:31:43]} 4. e3
{[%clk 1:30:54]} Bg7 {[%clk 1:32:06]} 5. Nf3 {[%clk 1:30:37]} O-O
{[%clk 1:32:18]} 6. cxd5 {[%clk 1:28:28]} Nxd5 {[%clk 1:29:49]} 7. Bc4
{[%clk 1:27:06]} Nxc3 {[%clk 1:29:20]} 8. bxc3 {[%clk 1:27:28]} c5
{[%clk 1:28:58]} 9. O-O {[%clk 1:26:19]} Bg4 {[%clk 1:27:47]} 10. h3
{[%clk 1:24:45]} Bf5 {[%clk 1:27:13]} 11. Ba3 {[%clk 1:17:12]} Nd7
{[%clk 1:23:43]} 12. Qe2 {[%clk 1:14:14]} Be4 {[%clk 1:18:53]} 13. Rfd1
{[%clk 1:03:33]} Qa5 {[%clk 1:16:00]} 14. Bb2 {[%clk 1:03:23]} Nb6
{[%clk 1:12:29]} 15. Nd2 {[%clk 1:02:14]} Bd5 {[%clk 1:11:16]} 16. Bxd5
{[%clk 1:01:20]} Nxd5 {[%clk 1:10:33]} 17. Nb3 {[%clk 1:00:56]} Nxc3
{[%clk 1:02:54]} 18. Qd2 {[%clk 1:00:47]} Qb5 {[%clk 0:54:36]} 19. Bxc3
{[%clk 1:00:08]} c4 {[%clk 0:53:44]} 20. Nc1 {[%clk 0:56:44]} Qa4
{[%clk 0:52:45]} 21. Rb1 {[%clk 0:52:04]} b5 {[%clk 0:52:19]} 22. Bb4
{[%clk 0:51:56]} a5 {[%clk 0:51:03]} 23. Bxe7 {[%clk 0:51:51]} Rfe8
{[%clk 0:51:26]} 24. Bc5 {[%clk 0:51:43]} b4 {[%clk 0:51:28]} 25. Qe2
{[%clk 0:50:51]} Bf8 {[%clk 0:46:47]} 26. Bxf8 {[%clk 0:47:47]} Rxf8
{[%clk 0:47:10]} 27. Rd2 {[%clk 0:47:39]} Rfc8 {[%clk 0:43:49]} 28. Rc2
{[%clk 0:47:06]} Qc6 {[%clk 0:38:13]} 29. Nb3 {[%clk 0:45:59]} Rab8
{[%clk 0:29:42]} 30. Nxa5 {[%clk 0:45:22]} Qa4 {[%clk 0:28:52]} 31. Nxc4
{[%clk 0:45:05]} Rc7 {[%clk 0:28:58]} 32. Rcb2 {[%clk 0:44:40]} Rbc8
{[%clk 0:28:46]} 33. Nb6 {[%clk 0:44:34]} Rc1+ {[%clk 0:29:07]} 34. Kh2
{[%clk 0:44:58]} Qc6 {[%clk 0:29:11]} 35. Nxc8 {[%clk 0:45:11]} Qc7+
{[%clk 0:29:37]} 36. g3 {[%clk 0:45:22]} Rc6 {[%clk 0:29:49]} 37. d5
{[%clk 0:44:52]} Rc5 {[%clk 0:29:46]} 38. Rxb4 {[%clk 0:44:54]} Rc2
{[%clk 0:29:58]} 39. Qf3 {[%clk 0:45:20]} Qa5 {[%clk 0:29:40]} 40. Qf6
{[%clk 1:15:03]} Qxa2 {[%clk 0:59:50]} 41. Ne7+ {[%clk 1:15:28]} Kf8
{[%clk 0:59:50]} 42. Rb8+ {[%clk 1:15:53]} 1-0

[Event "WYCC Open 10"]
[Site "Porto"]
[Date "2015.10.26"]
[Round "1.11"]
[White "Hawthorn, Henry"]
[Black "Murzin, Volodar"]
[Result "1/2-1/2"]
[BlackElo "2007"]
[WhiteElo "1491"]
[LiveChessVersion "1.4.6"]

1. d4 {[%clk 1:30:54]} Nf6 {[%clk 1:30:50]} 2. c4 {[%clk 1:31:19]} g6
{[%clk 1:30:39]} 3. Nc3 {[%clk 1:31:35]} d5 {[%clk 1:31:02]} 4. cxd5
{[%clk 1:31:46]} Nxd5 {[%clk 1:31:25]} 5. e4 {[%clk 1:32:06]} Nxc3
{[%clk 1:31:50]} 6. bxc3 {[%clk 1:32:29]} Bg7 {[%clk 1:32:15]} 7. Bc4
{[%clk 1:32:54]} c5 {[%clk 1:28:15]} 8. Ne2 {[%clk 1:33:11]} cxd4
{[%clk 1:26:49]} 9. cxd4 {[%clk 1:33:21]} Nc6 {[%clk 1:26:34]} 10. Be3
{[%clk 1:33:21]} O-O {[%clk 1:25:57]} 11. O-O {[%clk 1:32:04]} e6
{[%clk 1:22:24]} 12. Qd2 {[%clk 1:27:58]} b6 {[%clk 1:20:30]} 13. Rad1
{[%clk 1:23:21]} Bb7 {[%clk 1:13:33]} 14. f4 {[%clk 1:10:16]} Rc8
{[%clk 1:10:31]} 15. Rc1 {[%clk 1:02:44]} Qd6 {[%clk 0:54:48]} 16. e5
{[%clk 0:49:54]} Qe7 {[%clk 0:51:58]} 17. Rfd1 {[%clk 0:47:40]} Rfd8
{[%clk 0:48:53]} 18. Qe1 {[%clk 0:44:39]} Nb4 {[%clk 0:44:37]} 19. Bf2
{[%clk 0:38:14]} Nd5 {[%clk 0:38:17]} 20. Bxd5 Bxd5 {[%clk 0:38:17]} 21. Bh4 f6
{[%clk 0:38:17]} 22. Nc3 Bc6 {[%clk 0:38:17]} 1/2-1/2

[Event "WYCC Open 10"]
[Site "Porto Carras"]
[Date "2015.10.26"]
[Round "1.12"]
[White "Makoveev, Ilya"]
[Black "Kuliyev, Emin"]
[Result "1-0"]
[BlackElo "1491"]
[WhiteElo "1982"]
[LiveChessVersion "1.4.6"]

1. d4 {[%clk 1:30:51]} d5 {[%clk 1:30:55]} 2. Nf3 {[%clk 1:31:09]} e6
{[%clk 1:31:07]} 3. c4 {[%clk 1:31:08]} c6 {[%clk 1:31:11]} 4. g3
{[%clk 1:29:46]} f5 {[%clk 1:31:12]} 5. Bg2 {[%clk 1:29:29]} Nf6 {[%clk 1:31:25]}
6. O-O {[%clk 1:29:12]} Bd6 {[%clk 1:31:34]} 7. Nbd2 {[%clk 1:23:52]} O-O
{[%clk 1:31:34]} 8. Ne5 {[%clk 1:23:15]} Nbd7 {[%clk 1:30:49]} 9. Ndf3
{[%clk 1:23:06]} Ne4 {[%clk 1:29:33]} 10. Bf4 {[%clk 1:19:26]} Nxe5
{[%clk 1:22:31]} 11. Bxe5 {[%clk 1:16:48]} Qe7 {[%clk 1:19:15]} 12. Bxd6
{[%clk 1:12:46]} Qxd6 {[%clk 1:19:10]} 13. Ne5 {[%clk 1:11:08]} Rd8
{[%clk 1:13:35]} 14. e3 {[%clk 1:10:36]} Bd7 {[%clk 1:11:38]} 15. f3
{[%clk 1:01:25]} Nf6 {[%clk 1:10:16]} 16. g4 {[%clk 0:56:01]} dxc4
{[%clk 1:03:42]} 17. g5 {[%clk 0:50:44]} Nd5 {[%clk 1:02:03]} 18. Qe2
{[%clk 0:34:08]} b5 {[%clk 1:00:22]} 19. f4 {[%clk 0:34:33]} Rac8
{[%clk 0:58:34]} 20. g6 {[%clk 0:31:31]} hxg6 {[%clk 0:51:06]} 21. Nxg6
{[%clk 0:30:08]} Be8 {[%clk 0:47:53]} 22. Ne5 {[%clk 0:30:32]} Nf6
{[%clk 0:41:34]} 23. Bf3 {[%clk 0:29:39]} c5 {[%clk 0:37:36]} 24. Rad1
{[%clk 0:29:23]} Qb6 {[%clk 0:37:04]} 25. Qf2 {[%clk 0:27:32]} cxd4
{[%clk 0:36:15]} 26. exd4 {[%clk 0:27:58]} Nd5 {[%clk 0:35:07]} 27. Kh1
{[%clk 0:23:11]} Rc7 {[%clk 0:33:19]} 28. Qh4 {[%clk 0:22:55]} Rb7
{[%clk 0:24:34]} 29. Rg1 {[%clk 0:22:44]} Qc7 {[%clk 0:21:35]} 30. Rg3
{[%clk 0:20:02]} Qe7 {[%clk 0:21:34]} 31. Rxg7+ {[%clk 0:19:52]} Qxg7
{[%clk 0:21:05]} 32. Qxd8 {[%clk 0:20:15]} Qe7 {[%clk 0:20:57]} 33. Rg1+
{[%clk 0:20:08]} Kh7 {[%clk 0:20:51]} 34. Qa5 {[%clk 0:18:48]} Qf6
{[%clk 0:20:09]} 35. Qa6 {[%clk 0:18:08]} Qe7 {[%clk 0:17:26]} 36. Bxd5
{[%clk 0:17:16]} exd5 {[%clk 0:17:50]} 37. Rg3 {[%clk 0:15:38]} Rb6
{[%clk 0:17:35]} 38. Qc8 {[%clk 0:15:57]} Rf6 {[%clk 0:16:20]} 39. Rg5
{[%clk 0:15:02]} Bg6 {[%clk 0:14:49]} 40. Rg3 {[%clk 0:41:50]} Rf7
{[%clk 0:43:57]} 41. Rh3+ {[%clk 0:42:07]} Qh4 {[%clk 0:43:19]} 42. Rxh4+
{[%clk 0:42:35]} Bh5 {[%clk 0:43:32]} 43. Rxh5+ {[%clk 0:43:02]} Kg7
{[%clk 0:43:46]} 44. Qh8# {[%clk 0:43:27]} 1-0

[Event "WYCC Open 10"]
[Site "Porto Carras"]
[Date "2015.10.26"]
[Round "2.1"]
[White "Sindarov, Javokhir"]
[Black "Akhmedinov, Satbek"]
[Result "1-0"]
[BlackElo "1754"]
[WhiteElo "2299"]
[LiveChessVersion "1.4.6"]

1. e4 {[%clk 1:30:59]} c5 {[%clk 1:30:54]} 2. Nc3 {[%clk 1:31:24]} Nc6
{[%clk 1:31:18]} 3. g3 {[%clk 1:31:50]} g6 {[%clk 1:31:39]} 4. Bg2
{[%clk 1:32:17]} Bg7 {[%clk 1:31:56]} 5. d3 {[%clk 1:32:33]} Rb8 {[%clk 1:32:21]}
6. Be3 {[%clk 1:32:26]} d6 {[%clk 1:32:43]} 7. Qd2 {[%clk 1:32:46]} b5
{[%clk 1:33:05]} 8. Nge2 {[%clk 1:33:03]} b4 {[%clk 1:33:29]} 9. Nd1
{[%clk 1:33:27]} Nd4 {[%clk 1:33:54]} 10. O-O {[%clk 1:33:04]} e6
{[%clk 1:34:16]} 11. Re1 {[%clk 1:26:38]} Ne7 {[%clk 1:34:40]} 12. Nxd4
{[%clk 1:26:59]} cxd4 {[%clk 1:34:45]} 13. Bh6 {[%clk 1:27:26]} O-O
{[%clk 1:33:30]} 14. Bxg7 {[%clk 1:27:41]} Kxg7 {[%clk 1:33:50]} 15. a3
{[%clk 1:27:10]} Qa5 {[%clk 1:25:26]} 16. b3 {[%clk 1:22:17]} Qa6
{[%clk 1:23:24]} 17. Nb2 {[%clk 1:20:45]} bxa3 {[%clk 1:23:41]} 18. Nc4
{[%clk 1:21:11]} a2 {[%clk 1:22:44]} 19. Qf4 {[%clk 1:20:19]} Rd8
{[%clk 1:18:56]} 20. e5 {[%clk 1:20:30]} d5 {[%clk 0:59:55]} 21. Qf6+
{[%clk 1:20:30]} Kf8 {[%clk 1:00:18]} 22. Nd6 {[%clk 1:20:47]} Rxd6
{[%clk 1:00:42]} 23. exd6 {[%clk 1:21:42]} Qxd6 {[%clk 1:01:05]} 24. Qh8+ Ng8
{[%clk 1:01:26]} 25. Qxd4 {[%clk 1:22:08]} a5 {[%clk 0:57:16]} 26. Rxa2
{[%clk 1:21:51]} Qb4 {[%clk 0:57:37]} 27. Qa1 {[%clk 1:21:37]} Rb5
{[%clk 0:53:28]} 28. c4 {[%clk 1:20:57]} dxc4 {[%clk 0:53:33]} 29. bxc4
{[%clk 1:21:13]} Rf5 {[%clk 0:53:02]} 30. Rb1 {[%clk 1:20:42]} Qd6
{[%clk 0:52:24]} 31. Be4 {[%clk 1:20:46]} Rc5 {[%clk 0:50:11]} 32. Rxa5
{[%clk 1:20:56]} Rxa5 {[%clk 0:50:36]} 33. Qxa5 {[%clk 1:21:19]} f5
{[%clk 0:51:01]} 34. Rb6 {[%clk 1:18:25]} Qd8 {[%clk 0:50:38]} 35. Qc5+
{[%clk 1:17:59]} Ne7 {[%clk 0:50:45]} 36. Bb7 {[%clk 1:17:55]} Bxb7
{[%clk 0:45:46]} 37. Rxb7 {[%clk 1:18:14]} Kf7 {[%clk 0:45:31]} 38. d4
{[%clk 1:18:23]} Kf6 {[%clk 0:45:37]} 39. Qe5+ {[%clk 1:18:44]} Kf7
{[%clk 0:44:48]} 40. d5 {[%clk 1:49:02]} Qc8 {[%clk 1:13:56]} 41. Rc7
{[%clk 1:49:24]} Qa6 {[%clk 1:14:07]} 42. d6 {[%clk 1:49:49]} Qa1+
{[%clk 1:14:07]} 43. Qxa1 {[%clk 1:50:18]} 1-0

[Event "WYCC Open 10"]
[Site "Porto Carras"]
[Date "2015.10.26"]
[Round "2.2"]
[White "Bousmaha, Wassel"]
[Black "Tsvetkov, Andrey"]
[Result "1-0"]
[BlackElo "2174"]
[WhiteElo "1753"]
[LiveChessVersion "1.4.6"]

1. e4 {[%clk 1:30:58]} e6 {[%clk 1:30:38]} 2. d4 {[%clk 1:31:24]} d5
{[%clk 1:30:41]} 3. Nd2 {[%clk 1:31:47]} Nc6 {[%clk 1:30:35]} 4. Ngf3
{[%clk 1:31:45]} Nf6 {[%clk 1:30:20]} 5. e5 {[%clk 1:31:58]} Nd7 {[%clk 1:30:39]}
6. Bb5 {[%clk 1:32:08]} a6 {[%clk 1:30:43]} 7. Bxc6 {[%clk 1:32:05]} bxc6
{[%clk 1:30:35]} 8. O-O {[%clk 1:32:09]} c5 {[%clk 1:28:50]} 9. c3
{[%clk 1:31:57]} Be7 {[%clk 1:26:14]} 10. Re1 {[%clk 1:28:23]} O-O
{[%clk 1:24:30]} 11. Nf1 {[%clk 1:26:43]} cxd4 {[%clk 1:22:11]} 12. cxd4
{[%clk 1:26:45]} c5 {[%clk 1:22:09]} 13. Be3 {[%clk 1:26:41]} a5 {[%clk 1:17:00]}
14. Rc1 {[%clk 1:26:52]} Bb7 {[%clk 1:09:40]} 15. dxc5 {[%clk 1:26:14]} Rc8
{[%clk 1:09:49]} 16. Qb3 {[%clk 1:21:57]} Ba8 {[%clk 1:07:49]} 17. Qa3
{[%clk 1:15:03]} Qc7 {[%clk 0:45:51]} 18. Bd4 {[%clk 0:57:56]} Bxc5
{[%clk 0:38:12]} 19. Bxc5 {[%clk 0:58:01]} Nxc5 {[%clk 0:38:19]} 20. Rc2
{[%clk 0:58:00]} d4 {[%clk 0:24:20]} 21. Rec1 {[%clk 0:56:05]} Bxf3 22. gxf3
{[%clk 0:56:03]} Qxe5 {[%clk 0:23:18]} 23. Rxc5 {[%clk 0:56:24]} Rxc5
{[%clk 0:23:43]} 24. Rxc5 {[%clk 0:56:46]} Qe2 {[%clk 0:24:07]} 25. Rxa5
{[%clk 0:51:04]} g6 {[%clk 0:22:11]} 26. Ra8 {[%clk 0:49:55]} Rxa8
{[%clk 0:19:25]} 27. Qxa8+ {[%clk 0:50:17]} Kg7 {[%clk 0:19:52]} 28. b3
{[%clk 0:50:10]} d3 {[%clk 0:19:48]} 29. Qe4 {[%clk 0:50:20]} f5 {[%clk 0:20:12]}
30. Qe3 {[%clk 0:36:36]} e5 {[%clk 0:19:09]} 31. a4 {[%clk 0:34:53]} e4
{[%clk 0:19:32]} 32. fxe4 {[%clk 0:19:33]} fxe4 {[%clk 0:19:45]} 33. a5
{[%clk 0:19:19]} Qa2 {[%clk 0:19:53]} 34. Qxd3 {[%clk 0:19:00]} 1-0

[Event "WYCC Open 10"]
[Site "Porto Carras"]
[Date "2015.10.26"]
[Round "2.3"]
[White "Can, Isik"]
[Black "Weihrauch, Jakob"]
[Result "1/2-1/2"]
[BlackElo "1754"]
[WhiteElo "2123"]
[LiveChessVersion "1.4.6"]

1. e4 {[%clk 1:30:58]} c5 {[%clk 1:30:24]} 2. Nf3 {[%clk 1:31:23]} d6
{[%clk 1:30:46]} 3. d4 {[%clk 1:31:41]} cxd4 {[%clk 1:31:14]} 4. Nxd4
{[%clk 1:32:07]} Nf6 {[%clk 1:31:29]} 5. Nc3 {[%clk 1:32:35]} a6 {[%clk 1:31:06]}
6. Bg5 {[%clk 1:32:56]} Nbd7 {[%clk 1:31:16]} 7. f4 {[%clk 1:33:07]} Qc7
{[%clk 1:31:36]} 8. Qf3 {[%clk 1:33:26]} h6 {[%clk 1:32:00]} 9. Bh4
{[%clk 1:26:48]} g5 {[%clk 1:30:16]} 10. fxg5 {[%clk 1:26:45]} hxg5
{[%clk 1:30:05]} 11. Bxg5 {[%clk 1:26:38]} Qc5 {[%clk 1:30:10]} 12. Nf5
{[%clk 1:22:15]} e6 {[%clk 1:28:45]} 13. Bxf6 {[%clk 1:16:37]} Nxf6
{[%clk 1:29:09]} 14. Ng3 {[%clk 1:05:55]} Qe5 {[%clk 1:19:27]} 15. O-O-O
{[%clk 0:51:28]} Bh6+ {[%clk 1:18:40]} 16. Kb1 {[%clk 0:51:45]} b5
{[%clk 1:18:03]} 17. a3 {[%clk 0:49:30]} Bd7 {[%clk 1:17:14]} 18. Bd3
{[%clk 0:45:15]} Bc6 {[%clk 1:14:59]} 19. Nge2 {[%clk 0:37:23]} Ke7
{[%clk 1:13:32]} 20. g3 {[%clk 0:32:04]} a5 {[%clk 1:10:13]} 21. b4
{[%clk 0:28:18]} axb4 {[%clk 1:10:26]} 22. axb4 {[%clk 0:28:46]} Ra3
{[%clk 1:07:07]} 23. Kb2 {[%clk 0:28:16]} Ra4 {[%clk 1:06:55]} 24. Kb3
{[%clk 0:27:51]} Ra6 {[%clk 0:59:55]} 1/2-1/2

[Event "WYCC Open 10"]
[Site "Porto Carras"]
[Date "2015.10.26"]
[Round "2.4"]
[White "Dardha, Daniel"]
[Black "Evering, Soeren"]
[Result "1/2-1/2"]
[BlackElo "1746"]
[WhiteElo "2106"]
[LiveChessVersion "1.4.6"]

1. d4 {[%clk 1:30:53]} Nf6 {[%clk 1:30:50]} 2. c4 {[%clk 1:31:18]} e6
{[%clk 1:30:57]} 3. Nc3 {[%clk 1:31:41]} Bb4 {[%clk 1:30:57]} 4. e3
{[%clk 1:31:57]} O-O {[%clk 1:29:51]} 5. Nge2 {[%clk 1:32:17]} d5
{[%clk 1:29:06]} 6. a3 {[%clk 1:32:41]} Bxc3+ {[%clk 1:27:49]} 7. Nxc3
{[%clk 1:33:03]} b6 {[%clk 1:24:48]} 8. Bd3 {[%clk 1:32:50]} Bb7 {[%clk 1:20:06]}
9. O-O {[%clk 1:32:14]} Nbd7 {[%clk 1:18:21]} 10. Qc2 {[%clk 1:25:47]} c5
{[%clk 1:14:36]} 11. cxd5 {[%clk 1:11:43]} exd5 {[%clk 1:14:04]} 12. Rd1
{[%clk 1:07:36]} Re8 {[%clk 1:09:39]} 13. Nb5 {[%clk 1:03:15]} Bc6
{[%clk 1:04:31]} 14. dxc5 {[%clk 0:57:11]} bxc5 {[%clk 1:01:35]} 15. b4
{[%clk 0:51:47]} c4 {[%clk 1:00:14]} 16. Nd4 {[%clk 0:48:14]} cxd3
{[%clk 0:40:17]} 17. Qxc6 {[%clk 0:48:28]} Ne5 {[%clk 0:40:08]} 18. Qc3
{[%clk 0:41:04]} Ne4 {[%clk 0:39:15]} 19. Qe1 {[%clk 0:40:25]} Rc8
{[%clk 0:37:19]} 20. Bb2 {[%clk 0:34:36]} Nc4 {[%clk 0:36:04]} 21. Ra2
{[%clk 0:33:42]} d2 {[%clk 0:35:41]} 22. Qf1 {[%clk 0:33:18]} Qc7
{[%clk 0:33:25]} 23. Nb5 {[%clk 0:25:59]} 1/2-1/2